000 00678nam a2200241Ia 4500
003 OSt
005 20221007081137.0
006 a|||||r|||| 00| 0
007 ta
008 221006b |||||||| |||| 00| 0 eng d
024 _a10,584
037 _cTextual
040 _aFLL
_cFLL
_beng
041 _2eng
_aeng
082 _aLOZk, L0
100 _aBander J. Edward Au.
_9696523
245 0 _aMedical legal dictionary
260 _aNew York
_bOceana publications, inc New
_c1970
300 _a114p
_ccm.
700 _a Wallagh J. Jeffrey Au.
_9696524
942 _hLOZk, L0
_cTEXL
_2CC
999 _c1162175
_d1162175